000
00246nam a22001097a 4500
082
_a
355.02 PAL'C
100
_a
PALIT, D. K
_9
48672
245
_a
THE COMPAIGN IN MALAYA
260
_a
NEW DELHI
_b
ENGLISH BOOK
_c
1960
300
_a
118P
942
_c
BK
999
_c
567903
_d
567903